| 000 | 00604nam a2200205 a 4500 | ||
|---|---|---|---|
| 005 | 20220622063626.0 | ||
| 008 | 140403s2007 es r 000 0 spa d | ||
| 020 | _a9788496788114 | ||
| 035 | _aUPN01000196846 | ||
| 049 | _aI | ||
| 050 | 4 |
_aPZ10.3 _bCH3.5 |
|
| 100 | 1 |
_aChaundler, Rachel _935557 |
|
| 245 | 1 | 0 |
_aMariluz Avestruz / _cRachel Chaundler ; il. Bernardo Carvalho. |
| 260 |
_aPontevedra, Esp. : _bOQO, _c2007. |
||
| 300 |
_a[29] p. : _bil. col. |
||
| 650 | 4 |
_aCUENTOS INFANTILES ESCOCESES _923117 |
|
| 650 | 0 |
_aAnimales _vCuentos y leyendas _9234 |
|
| 905 | _aInfantil | ||
| 999 |
_c168947 _d168947 |
||